College Physics : (Record no. 516)

MARC details
000 -LEADER
fixed length control field 00621nam a22002177a 4500
003 - CONTROL NUMBER IDENTIFIER
control field OSt
005 - DATE AND TIME OF LATEST TRANSACTION
control field 20250914125508.0
008 - FIXED-LENGTH DATA ELEMENTS--GENERAL INFORMATION
fixed length control field 200728b ||||| |||| 00| 0 eng d
020 ## - INTERNATIONAL STANDARD BOOK NUMBER
International Standard Book Number 9781111571177
040 ## - CATALOGING SOURCE
Transcribing agency KCST
082 ## - DEWEY DECIMAL CLASSIFICATION NUMBER
Classification number 530
Item number Gi Co
100 ## - MAIN ENTRY--PERSONAL NAME
Personal name Giordano, Nicholas
9 (RLIN) 4780
245 ## - TITLE STATEMENT
Title College Physics :
Remainder of title reasoning and relationships /
Statement of responsibility, etc. Nicholas Giordano
250 ## - EDITION STATEMENT
Edition statement volume 1, 2nd edition.
Remainder of edition statement Int. edition.
260 ## - PUBLICATION, DISTRIBUTION, ETC.
Place of publication, distribution, etc. [not identified]:
Name of publisher, distributor, etc. Brooks/Cole/Cengage Learning,
Date of publication, distribution, etc. 2013.
300 ## - PHYSICAL DESCRIPTION
Extent 544 p.
650 ## - SUBJECT ADDED ENTRY--TOPICAL TERM
Topical term or geographic name entry element Physics
General subdivision Textbooks
9 (RLIN) 4781
655 ## - INDEX TERM--GENRE/FORM
Genre/form data or focus term Textbooks
9 (RLIN) 4782
942 ## - ADDED ENTRY ELEMENTS (KOHA)
Koha item type Course Textbook
Source of classification or shelving scheme Dewey Decimal Classification
942 ## - ADDED ENTRY ELEMENTS (KOHA)
Source of classification or shelving scheme Dewey Decimal Classification
Holdings
Withdrawn status Lost status Source of classification or shelving scheme Damaged status Not for loan Home library Current library Date acquired Cost, normal purchase price Total checkouts Total renewals Full call number Barcode Date due Date last seen Date last checked out Price effective from Koha item type Source of acquisition
    Dewey Decimal Classification     KCST Library KCST Library 28/07/2020 21.05 4 4 530 Gi Co 1000000388 26/04/2026 14/09/2025 14/09/2025 28/07/2020 Course Textbook  
    Dewey Decimal Classification     KCST Library KCST Library 28/07/2020 22.08 1 1 530 Gi Co 1000000389   22/05/2024 15/09/2021 28/07/2020 Course Textbook  
    Dewey Decimal Classification     KCST Library KCST Library 07/02/2021 0.00 2   530 Gi Co 1000000745   21/06/2022 28/09/2021 07/02/2021 Course Textbook Dr. Ishac Kandas
    Dewey Decimal Classification     KCST Library KCST Library 14/11/2023 0.00     530 Gi Co 1000001499   06/05/2024   06/05/2024 Course Textbook Dr. Junais Mokkath
© 2025 KCST. All rights reserved